000 00285nam a22001337a 4500
008 171027b xxu||||| |||| 00| 0 eng d
020 _a9781422478424
041 _aeng
080 _a336
100 _a56
101 _aFIN
245 _aSKILLS & VALUES
_cDRUMBL,M.L
942 _2udc
_cBK
999 _c36098
_d36098